000 00790nas a2200253 4500
001 BR9701065
003 BR-BrBNA
005 20231205100004.0
007 ta
008 230509b bl.|||p| |||| 00| 00por d
040 _aBR-BrBNA
_bpor
_cBiblioteca Nacional de Agricultura
041 _a(Pt)
072 _aF04
100 1 _aReis, E.L.
245 1 _aMetodos de aplicacao e fracionamentos de fertilizantes no desenvolvimento da seringueira (Hevea brasiliensis)no sul da Bahia
650 _aSeringueira
650 _aFertilizante
650 _aAdubacao
650 _aBahia
773 0 _tAgrotropica (Brazil)
_xISSN 0103-3816
_g(May-Aug 1996), v. 8(2) p. 39-44
_wBR9701065
856 4 0 _dLink DSPACE/MAPA BR9701065
909 _a202311
_bLúcia
_c55
_dLúcia Elande
942 _2AGRIS
_n0
_cANA
999 _c153827
_d153827